Learning Resource and Development

Solid state physics. Volume 73 / (Record no. 30126)

MARC details
000 -LEADER
fixed length control field 01500nam a2200277 i 4500
003 - CONTROL NUMBER IDENTIFIER
control field CSPC
005 - DATE AND TIME OF LATEST TRANSACTION
control field 20250820135756.0
008 - FIXED-LENGTH DATA ELEMENTS--GENERAL INFORMATION
fixed length control field 250820s2022 maua b 000 0 eng d
020 ## - INTERNATIONAL STANDARD BOOK NUMBER
International Standard Book Number 9780323989114
040 ## - CATALOGING SOURCE
Transcribing agency CSPC
Original cataloging agency CSPC
Language of cataloging eng
Description conventions rda
050 04 - LIBRARY OF CONGRESS CALL NUMBER
Classification number QC173
Item number .S477 2022
082 04 - DEWEY DECIMAL CLASSIFICATION NUMBER
Classification number 530.41
Item number So441
Edition number 23
245 00 - TITLE STATEMENT
Title Solid state physics. Volume 73 /
Statement of responsibility, etc. edited by Rair Macedo.
250 ## - EDITION STATEMENT
Edition statement First edition.
264 #1 - PRODUCTION, PUBLICATION, DISTRIBUTION, MANUFACTURE, AND COPYRIGHT NOTICE
Place of production, publication, distribution, manufacture Cambridge, Massachusetts :
Name of producer, publisher, distributor, manufacturer Academic Press, an imprint of Elsevier,
Date of production, publication, distribution, manufacture, or copyright notice 2022.
300 ## - PHYSICAL DESCRIPTION
Extent ix, 125 pages :
Other physical details illustrations ;
Dimensions 24 cm.
336 ## - CONTENT TYPE
Source rdacontent
Content type term text
337 ## - MEDIA TYPE
Source rdamedia
Media type term unmediated
338 ## - CARRIER TYPE
Source rdacarrier
Carrier type term volume
504 ## - BIBLIOGRAPHY, ETC. NOTE
Bibliography, etc. note Includes bibliographical references.
505 0# - FORMATTED CONTENTS NOTE
Formatted contents note 1. Spin dynamics in patterned magnetic multilayers with perpendicular magnetic anisotropy -- Introduction -- Spin waves in thin films with PMA -- Spin-wave dynamics in magnonic crystals -- Spin dynamics in topologically protected spin textures -- Concluding remarks and future challenging -- 2. Using hyperbolic media for efficient near-field radiative heat transfer -- Introduction -- Method -- Hyperbolic polaritons in anisotropic materials -- Near-field radiative heat transfer of HBN -- Near-field radiative heat transfer in a-MoO3 -- Final remarks.
650 #0 - SUBJECT ADDED ENTRY--TOPICAL TERM
Topical term or geographic name entry element Solid state physics.
700 1# - ADDED ENTRY--PERSONAL NAME
Personal name Macedo, Rair,
Relator term editor.
942 ## - ADDED ENTRY ELEMENTS (KOHA)
Source of classification or shelving scheme Dewey Decimal Classification
Suppress in OPAC No
Koha item type Books
Classification part 530.41
Item part So441
Call number prefix ENG
Call number suffix 2022
Holdings
Withdrawn status Lost status Source of classification or shelving scheme Damaged status Not for loan Home library Current library Shelving location Date acquired Total Checkouts Full call number Barcode Date last seen Copy number Price effective from Koha item type
    Dewey Decimal Classification     Main Library Main Library Engineering Section 08/20/2025   ENG 530.41 So441 2022 029986 08/20/2025 1-1 08/20/2025 Books